Písničky k pohodě

Corporate Author: Květovanka (hudební skupina)
Other Authors: Vejvoda, Jaromír, 1902-1988, Melíšek, Karel, 1903-1942, Piskáček, Rudolf, 1884-1940, Brožík, Emanuel, 1887-1936, Fiala, Eman, 1899-1970, Tobis, 1903-1949, Smolík, Jan, 1878-1953, Synek, Emil, 1936-, Zeman, Vašek, 1909-1987
Language: Czech
Published: Praha : KMa , 2008
Physical Description: 1 zvuková deska (47:46) : digital ; 12 cm
Audio
Saved in:
LEADER 02307njm a2200517 a 4500
001 000911250
003 CZ BrMZK
005 20101019112819.0
007 sd fsngnnmmned
008 080908s2008 xr dfn g cze d
024 3 |a 8594046748221 
028 3 1 |a LK 0822-2  |b KMa 
040 |a BOA001  |b cze 
048 |a oa01 
072 7 |a 784  |x Vokální hudba  |2 Konspekt  |9 9 
080 |a 784.4  |2 MRF 
080 |a 784.9.085.2  |2 MRF 
080 |a 784.4.088  |2 MRF 
080 |a (086.76)  |2 MRF 
110 2 |a Květovanka (hudební skupina)  |7 kn20010710236 
245 1 0 |a Písničky k pohodě  |h [zvukový záznam] 
260 |a Praha :  |b KMa ,  |c 2008 
300 |a 1 zvuková deska (47:46) :  |b digital ;  |c 12 cm 
306 |a 004746 
500 |a Kompaktní deska 
500 |a Kompilace 
500 |a Původní fonogram p1999 Music Vars 
505 0 0 |t Kvetou máky --  |t Hezky od podlahy --  |t Jiřiny --  |t Tulácká --  |t Kde je moje máma --  |t Včera jsem byl u muziky --  |t Spadl lístek z javora --  |t U studánky seděla --  |t Hájku, háječku --  |t Čtyři koně ve dvoře --  |t Májová noc --  |t Okolo Hradce --  |t Darovalo mně děvčátko --  |t Mám ráda hajnýho --  |t Už je to dávno --  |t Když jsem šel včera po rynku --  |t Lístečku dubový --  |t Letěla husička --  |t Kdyby byl Bavorov --  |t Ó, Velvary 
511 0 |a Květovanka ; Marie Sikulová, zpěv a další 
518 |a Nahráno ve studiu AB Hrnčíře 1.-3.12.1994 
650 0 4 |a valčíky (dechový orchestr) 
650 0 7 |a lidové písně, úpravy  |7 ph320413  |2 czenas 
650 0 4 |a lidové písně (zpěv, dechový orchestr) 
655 7 |a kompaktní desky  |7 fd201991  |2 czenas 
700 1 |a Vejvoda, Jaromír,  |d 1902-1988  |7 jn19990209983  |4 cmp 
700 1 |a Melíšek, Karel,  |d 1903-1942  |7 jk01081151  |4 lyr 
700 1 |a Piskáček, Rudolf,  |d 1884-1940  |7 jk01093192  |4 cmp 
700 1 |a Brožík, Emanuel,  |d 1887-1936  |7 jk01013255  |4 lyr 
700 1 |a Fiala, Eman,  |d 1899-1970  |7 jk01030966  |4 cmp 
700 1 |a Tobis,  |d 1903-1949  |7 jk01092124  |4 lyr 
700 1 |a Smolík, Jan,  |d 1878-1953  |7 xx0009926  |4 cmp 
700 1 |a Synek, Emil,  |d 1936-  |7 mzk2010603745  |4 lyr 
700 1 |a Zeman, Vašek,  |d 1909-1987  |7 jx20040920001  |4 lyr 
910 |a BOA001  |b CD-0014.793 
990 |a AV 
996 6 |b 261H016429  |c CD-0014.793  |l MZK  |r Sklad / do 24 hodin  |n 0  |w 000911250  |u 000010  |a 1  |e BOA001  |j MZK50  |s P